<?xml version="1.0" encoding="UTF-8"?>
<record
    xmlns:xsi="http://www.w3.org/2001/XMLSchema-instance"
    xsi:schemaLocation="http://www.loc.gov/MARC21/slim http://www.loc.gov/standards/marcxml/schema/MARC21slim.xsd"
    xmlns="http://www.loc.gov/MARC21/slim">

  <leader>01694    a2200229   4500</leader>
  <controlfield tag="001">46263</controlfield>
  <controlfield tag="005">20260407155734.0</controlfield>
  <controlfield tag="008">260407a1976    arg                 spa d</controlfield>
  <controlfield tag="003">AR-UNSa-BCEJYS</controlfield>
  <datafield tag="040" ind1=" " ind2=" ">
    <subfield code="a">AR-UNSa-BCEJYS</subfield>
    <subfield code="b">spa</subfield>
    <subfield code="c">AR-UNSa-BCEJYS</subfield>
  </datafield>
  <datafield tag="080" ind1=" " ind2=" ">
    <subfield code="a">303.4</subfield>
    <subfield code="x">Tipos de investigaci&#xF3;n. estrategias de investigaci&#xF3;n. dise&#xF1;o de la investigaci&#xF3;n social</subfield>
  </datafield>
  <datafield tag="245" ind1="1" ind2="0">
    <subfield code="a">M&#xE9;todo de investigaci&#xF3;n social</subfield>
  </datafield>
  <datafield tag="264" ind1=" " ind2="1">
    <subfield code="a">M&#xE9;xico :</subfield>
    <subfield code="b">Trillas</subfield>
    <subfield code="c">1976</subfield>
  </datafield>
  <datafield tag="300" ind1=" " ind2=" ">
    <subfield code="a">469 p.</subfield>
    <subfield code="c">23 cm.</subfield>
  </datafield>
  <datafield tag="505" ind1=" " ind2=" ">
    <subfield code="a">1. La nueva sociolog&#xED;a - 2. Ciencia: teor&#xED;a y hecho &#x2013; 3. Valores y ciencia &#x2013; 4. Ciencia pura y ciencia aplicada &#x2013; 5. Elementos fundamentales del m&#xE9;todo cient&#xED;fico: los conceptos &#x2013; 6. Elementos fundamentales del m&#xE9;todo cient&#xED;fico: las hip&#xF3;tesis &#x2013; 7. Planteamiento de la prueba: comprobaci&#xF3;n de hip&#xF3;tesis &#x2013; 8. Otros problemas del establecimiento del pan para la investigaci&#xF3;n &#x2013; 9. Utilizaci&#xF3;n de la biblioteca &#x2013; 10. Observaci&#xF3;n &#x2013; 11. Construcci&#xF3;n de cuestionarios &#x2013; 12. El cuestionario por correo &#x2013; 13. La entrevista &#x2013; 14.  Probabilidades y muestreo &#x2013; 15. T&#xE9;cnicas de escalamiento: problema fundamental &#x2013; 16. T&#xE9;cnicas de escalamiento: escalas de distancia social, sociom&#xE9;tricas y de calificaci&#xF3;n &#x2013; 17. T&#xE9;cnicas de escalamiento: escalas de categor&#xED;a, de congruencia interna y escalogramas &#x2013; 18. Investigaci&#xF3;n demogr&#xE1;fica &#x2013; 19. Algunos problemas de los an&#xE1;lisis cuantitativos y de casos &#x2013; 20. An&#xE1;lisis de datos &#x2013; 21. Preparaci&#xF3;n del informe &#x2013; </subfield>
  </datafield>
  <datafield tag="942" ind1=" " ind2=" ">
    <subfield code="c">BK</subfield>
  </datafield>
  <datafield tag="590" ind1=" " ind2=" ">
    <subfield code="a">niveau_biblio:m niveau_hierar:0</subfield>
  </datafield>
  <datafield tag="100" ind1="1" ind2=" ">
    <subfield code="a">Palaz&#xF3;n, Ram&#xF3;n</subfield>
  </datafield>
  <datafield tag="700" ind1="1" ind2=" ">
    <subfield code="a">Hatt, Paul K.</subfield>
  </datafield>
  <datafield tag="700" ind1="1" ind2=" ">
    <subfield code="a">Goode, William J.</subfield>
  </datafield>
  <datafield tag="700" ind1="1" ind2=" ">
    <subfield code="a">Odil&#xF3;n Valad&#xE9;s, Adri&#xE1;n</subfield>
  </datafield>
  <datafield tag="999" ind1=" " ind2=" ">
    <subfield code="c">4167</subfield>
    <subfield code="d">4167</subfield>
  </datafield>
  <datafield tag="952" ind1=" " ind2=" ">
    <subfield code="0">0</subfield>
    <subfield code="1">0</subfield>
    <subfield code="4">0</subfield>
    <subfield code="7">0</subfield>
    <subfield code="a">BCEJYS</subfield>
    <subfield code="b">BCEJYS</subfield>
    <subfield code="c">16</subfield>
    <subfield code="d">2026-04-07</subfield>
    <subfield code="l">0</subfield>
    <subfield code="o">303.4 G647</subfield>
    <subfield code="p">L12410</subfield>
    <subfield code="r">2026-04-07 15:57:34</subfield>
    <subfield code="w">2026-04-07</subfield>
    <subfield code="y">L</subfield>
  </datafield>
  <datafield tag="952" ind1=" " ind2=" ">
    <subfield code="0">0</subfield>
    <subfield code="1">0</subfield>
    <subfield code="4">0</subfield>
    <subfield code="7">0</subfield>
    <subfield code="a">BCEJYS</subfield>
    <subfield code="b">BCEJYS</subfield>
    <subfield code="c">16</subfield>
    <subfield code="d">2026-04-07</subfield>
    <subfield code="l">0</subfield>
    <subfield code="o">303.4 G647</subfield>
    <subfield code="p">L12411</subfield>
    <subfield code="r">2026-04-07 15:57:34</subfield>
    <subfield code="w">2026-04-07</subfield>
    <subfield code="y">L</subfield>
  </datafield>
</record>
